000
00286nam a2200109Ia 4500
008
200302s9999 xx 000 0 und d
100
_a
paul Laseau
245
_a
Graphic Thinking For Architects and Designers 2nd ed.,
260
_b
Van Nostrand Reinhold
260
_c
1989
300
_a
243 P.,
999
_c
800
_d
800